000 00354cam a22001097a 4500
008 180718b1986 xxu||||| |||| 00| 0 eng d
100 _aDesai, S.R.
245 _aBharat main shehri parivar aur parivar niyojan
_cby S.R.Desai
260 _aDelhi vishvvidhyalya
_bHindi Madhyam Karyanvay Nedeshalaya
_c1986
300 _a214p.
650 _aFamily planning-india
999 _c439699
_d439699